000 00363nam a2200145Ia 4500
005 20250313151707.0
008 240331s9999 xx 000 0 und d
082 _bGAN
_a894
100 _aGaneshalingan, S
245 0 _aOru kudummpathin kathai
260 _aVadapalani
_bKumaran Publishers
_c1993
300 _a203 p .,
650 _aStory of a Family
942 _cL
999 _c3864
_d3864